Personnages historiques en images commençant par un R. - Statistiques

Statistiques générales
  • Ce quiz a été pris 988 fois
  • Le résultat moyen est 9 sur 12
Statistiques - réponses
Par images Hint Réponse % Correct
Fondateur légendaire de Rome Romulus
93%
Révolutionnaire français Maximilien de Robespierre
88%
Poète français Arthur Rimbaud
84%
Ministre français Armand Jean du Plessis de Richelieu
81%
Pharaon égyptien Ramsès II
80%
Président américain Ronald Reagan
80%
Président américain Franklin D. Roosevelt
79%
Philosophe des "Lumières" Jean-Jacques Rousseau
75%
Sculpteur français Auguste Rodin
73%
Roi d'Angleterre Richard Coeur de Lion
63%
Écrivain humaniste François Rabelais
45%
Peintre impressionniste Pierre Auguste Renoir
40%
Aucun quiz correspondant
Distribution des résultats
% des personnes avec chaque résultat
Percentile par nombre de réponses
Votre historique - résultats
Vous n’avez pas pris ce quiz